| 000 | 006350000a22001690004500 | ||
|---|---|---|---|
| 090 |
_aAR _b01523 |
||
| 245 | 1 | 0 | _aPrevalence and Intensity of intestinal parasites in mantled howling monkeys (<Alouatta palliata>) in northeastern Costa Rica: implications for Conservation Biology |
| 650 | 1 | 4 |
_aPrimates _992938 |
| 650 | 1 | 4 |
_aParasitología _994725 |
| 650 | 1 | 4 |
_aCorredores ecológicos _975249 |
| 651 | 4 |
_lLa Selva _dHeredia _pCosta Rica _992749 |
|
| 653 |
_gAlouatta _eAlouatta palliata |
||
| 041 | 0 | _aInglés | |
| 100 | 1 |
_aStoner, Kathryn Elizabeth _993510 |
|
| 942 | _cARTICULO | ||
| 773 | 1 |
_tConservation Biology _324 _h2 _q539-546 _d1996 _g10 |
|
| 999 |
_c10606 _d10606 |
||